| 000 | 00482nmm a22001817a 4500 | ||
|---|---|---|---|
| 005 | 20160525144853.0 | ||
| 008 | 150618b xxu||||| |||| 00| 0 spa d | ||
| 041 | _aspa | ||
| 082 | _aSE 145 | ||
| 100 |
_aLoaisa Morales, Ana Elena _910351 |
||
| 245 | _aInforme de práctica supervisada realizado en INQUISA S.A | ||
| 260 | _c2015 | ||
| 650 |
_aCOSTA RICA _910352 |
||
| 650 |
_aARCHIVO _93521 |
||
| 650 |
_aINVENTARIO _93069 |
||
| 650 |
_aATENCIÓN TELEFÓNICA _92462 |
||
| 942 | _cIP | ||
| 999 |
_c8227 _d8227 |
||